<?xml version="1.0" encoding="UTF-8"?>
<record
    xmlns:xsi="http://www.w3.org/2001/XMLSchema-instance"
    xsi:schemaLocation="http://www.loc.gov/MARC21/slim http://www.loc.gov/standards/marcxml/schema/MARC21slim.xsd"
    xmlns="http://www.loc.gov/MARC21/slim">

  <leader>00915nam a22001457a 4500</leader>
  <controlfield tag="008">190601b        xxu||||| |||| 00| 0 eng d</controlfield>
  <datafield tag="020" ind1=" " ind2=" ">
    <subfield code="a">2850564192</subfield>
  </datafield>
  <datafield tag="082" ind1=" " ind2=" ">
    <subfield code="a">779.944</subfield>
    <subfield code="b">F778r</subfield>
  </datafield>
  <datafield tag="100" ind1=" " ind2=" ">
    <subfield code="a">Fourni&#xE9;, Pierre y Gervereau, Laurent </subfield>
    <subfield code="9">7068</subfield>
  </datafield>
  <datafield tag="245" ind1=" " ind2=" ">
    <subfield code="a">Regards sur le monde: tr&#xE9;sors photographiques du Quai d'Orsay, 1860-1914 </subfield>
  </datafield>
  <datafield tag="260" ind1=" " ind2=" ">
    <subfield code="a">Paris </subfield>
    <subfield code="b">Somogy &#xE9;ditions d'art</subfield>
    <subfield code="c">2000</subfield>
  </datafield>
  <datafield tag="300" ind1=" " ind2=" ">
    <subfield code="a">192 p. </subfield>
    <subfield code="b">ill (col).</subfield>
    <subfield code="c">28 x 24,5 cm </subfield>
  </datafield>
  <datafield tag="505" ind1=" " ind2=" ">
    <subfield code="t">Pr&#xE9;face: </subfield>
    <subfield code="r">Hubert V&#xE9;drine</subfield>
    <subfield code="t">Introduction:</subfield>
    <subfield code="r">Ren&#xE9; R&#xE9;mond</subfield>
    <subfield code="t">Diplomates et aventuriers: </subfield>
    <subfield code="r">Roger Th&#xE9;rond</subfield>
    <subfield code="t">Le fonds photographique de Quai d'Orsay:</subfield>
    <subfield code="r">Pierre Fourni&#xE9;</subfield>
    <subfield code="t">Voir l'autre, refl&#xE9;ter les images: </subfield>
    <subfield code="r">Laurent Gervereau</subfield>
    <subfield code="t">La collection </subfield>
    <subfield code="t">Regards sur l'Asie </subfield>
    <subfield code="t">Regards sur le Moyen-Orient </subfield>
    <subfield code="t">Regards sur l'Afrique de Nord </subfield>
    <subfield code="t">Regards sur l'Afrique subsaharienne</subfield>
    <subfield code="t">Regards sur l'Am&#xE9;rique latine</subfield>
  </datafield>
  <datafield tag="650" ind1=" " ind2=" ">
    <subfield code="2">Arte contempor&#xE1;neo </subfield>
    <subfield code="v">Arte - Fotograf&#xED;a </subfield>
    <subfield code="x">Exhibiciones - Fotograf&#xED;a</subfield>
    <subfield code="9">7069</subfield>
  </datafield>
  <datafield tag="999" ind1=" " ind2=" ">
    <subfield code="c">1800</subfield>
    <subfield code="d">1800</subfield>
  </datafield>
  <datafield tag="952" ind1=" " ind2=" ">
    <subfield code="0">0</subfield>
    <subfield code="1">0</subfield>
    <subfield code="2">ddc</subfield>
    <subfield code="4">0</subfield>
    <subfield code="7">0</subfield>
    <subfield code="a">LV</subfield>
    <subfield code="b">LV</subfield>
    <subfield code="c">Monograf&#xED;as</subfield>
    <subfield code="d">2019-06-01</subfield>
    <subfield code="l">0</subfield>
    <subfield code="o">779.944 F778r</subfield>
    <subfield code="p">001727</subfield>
    <subfield code="r">2019-06-01 00:00:00</subfield>
    <subfield code="w">2019-06-01</subfield>
    <subfield code="y">01</subfield>
  </datafield>
</record>
